000 00322nam a2200133 i 4500
001 bg
100 1 _aKOLEBACZ, Bogdan
245 0 _aKomunistyczna Partia Polski 1923-1929 /
_cBogdan Kolebacz.
260 _aWarszawa,
_c1984.
040 _cBPK
041 _apol
942 _cKS
008 s pl f |000 0 pol
999 _c22921
_d22921
856 _uhttp://koha.tu.koszalin.pl/cgi-bin/koha/opac-detail.pl?biblionumber=22921
_yKatalog online BPK